El Jven y El Shamán. Encuentro de generaciones (Record no. 7913)

MARC details
000 -LEADER
campo de control de longitud fija 00390nam a2200145Ia 4500
001 - NÚMERO DE CONTROL
campo de control 3762
008 - DATOS DE LONGITUD FIJA--INFORMACIÓN GENERAL
campo de control de longitud fija 241024s9999 xx 000 0 und d
020 ## - NÚMERO INTERNACIONAL ESTÁNDAR DEL LIBRO
Número Internacional Estándar del Libro 978-9945-00-792-3
082 ## - NÚMERO DE LA CLASIFICACIÓN DECIMAL DEWEY
Número de clasificación RD/860.903/C965j
100 ## - ENTRADA PRINCIPAL--NOMBRE DE PERSONA
Nombre de persona Rodolfo de Jesús Cuevas
245 #0 - MENCIÓN DEL TÍTULO
Título El Jven y El Shamán. Encuentro de generaciones
260 ## - PUBLICACIÓN, DISTRIBUCIÓN, ETC.
Nombre del editor, distribuidor, etc. Santo Domingo
Fecha de publicación, distribución, etc. 2013
901 ## - ELEMENTOS DE DATOS A LOCAL LDA (RLIN)
a 1/5/2014 2:17:11 p.m.

No items available.

© 2024. Todos los Derechos Reservados. Desarrollado por IDEICE